[Event "89_| Campeonato Brasileiro 2023"]
[Site "Recife"]
[Date "2023.12.20"]
[Round "10.2"]
[White "Lima, Darcy"]
[Black "Supi, Luis Paulo"]
[Result "0-1"]
[WhiteElo "2377"]
[BlackElo "2579"]
[Annotator "MI Luis Rodi - Stockfish 16 (CB)"]
[PlyCount "44"]
[EventDate "2023.??.??"]
[EventCountry "BRA"]
[WhiteClock "0:37:43"]
[BlackClock "0:38:33"]

{[%evp 15,44,1,10,-4,50,-28,-31,-31,-28,-49,-41,-48,-12,-13,-6,-30,-19,-35,-52,
-95,-97,-84,-76,-89,-71,-218,-201,-272,-285,-334,-289] Uma rodada muito tensa
nas primeiras mesas, de ações dramáticas. Dos três mestres que começaram
o dia na liderança, apenas um deles logrou dar um passo na frente. E que
passo! Faltando apenas uma rodada, o meio ponto de luz que saca o grande
mestre Luis Supi depois da sua vitória levando as peças pretas ante seu
colega Darcy Lima -que tinha protagonizado uma grande recuperação após um
começo ruim- bem pode ser decisivo para a sorte da prova. No entanto, ainda
deve enfrentar com muita responsabilidade essa última partida: alguns dos
seus perseguidores podem ter um melhor sistema de desempate. A partida entre
Darcy e Luis é o nosso jogo do dia. Na mesa 1 dividiram o ponto o grande
mestre Renato Quintiliano e o mestre fide Lucas do Valle Cardoso, depois de
uma partida desenvolvida na variante Ragozin do Gambito da Dama, onde nenhum
dos protagonistas pode obter vantagem. E na mesa 3 o grande mestre Alexandr
Fier chegou a obter alguma vantagem no seu jogo ante o mestre nacional Lucas
Tomiello, porém depois de dramáticas instancias e um final muito
interessante o empate o deixa a um ponto do líder, uma diferença que parece
difícil de reverter. Em outros resultados os grandes mestres Krikor
Mekhitarian, Everaldo Matsuura e os mestres internacionais Diego di Berardino,
Roberto Molina e Nathan Filgueiras confirmaram seu favoritismo no rating e
venceram, respetivamente, ao mestre nacional Stefan Lima, aos mestres fide
Alvaro Aranha e Iung Pinheiro e aos candidatos a mestre Mathias Casalaspro e
Luigy de Siqueira. A última rodada tem nas primeiras mesas os enfrentamentos
que seguem: 1) Do Valle Cardoso - Supi; 2) Di Berardino - Quintiliano; 3)
Tomiello - Mekhitarian; 4) Fier - Filgueiras; 5) Molina - Matsuura. Supi leva
8,5 pontos; Do Valle e Quintiliano 8, e o resto dos mencionados 7,5 pontos.} 1.
Nf3 d5 2. g3 c6 3. c4 {[#] A abertura Reti é um dos dispositivos mais
flexíveis que as brancas podem escolher, escapando de longas batalhas
teóricas enquanto deixa abertas diversas possibilidades dinâmicas, com muito
xcampo para novas ideias.} Nf6 4. Bg2 Bg4 ({Outras jogadas usuais aqui são} 
4... Bf5) ({e} 4... dxc4 {porém o lance do texto foi recomendado em diversos
livros de repertório. Uma das ideias é que as brancas jogam com d4, então
as pretas obtêm uma catalã com o bispo mau desenvolvido fora da cadeia de
peões.}) 5. Ne5 Bf5 6. O-O Nbd7 7. d4 e6 (7... Nxe5 8. dxe5 Ne4 9. cxd5 cxd5
10. Be3 e6 11. Bxe4 Bxe4 (11... dxe4 {Stockfish 16:1)} 12. Qa4+ ({Stockfish 16:
2)} 12. Qb3 Qd5 13. Qa4+ Qc6 14. Qxc6+ bxc6 15. Rc1 Kd7 16. Rc4 Be7 17. Nc3
Rhb8 18. Rd1+ Ke8 19. b3 Bb4 20. Nxe4 a5 21. Nd6+ Bxd6 22. Rxd6 Rb5 23. Rdxc6
Rxe5 24. Rc7 Bh3 25. Rh4 Bf5 26. Rd4 Bh3 27. g4 h5 28. gxh5 a4 29. b4 Rxh5 30.
Rdd7 Rd5 31. Re7+ Kd8 32. f3 Rc8 33. Ra7 {[%eval 175,34]}) ({Stockfish 16:3)} 
12. Nc3 Qa5 13. a3 Be7 14. Qb3 Rb8 15. Nb5 O-O 16. Bxa7 Rbd8 17. Be3 h6 18.
Rfc1 Bg5 19. a4 Bxe3 20. Qxe3 Qd2 21. Nc3 Qxb2 22. Rcb1 Qc2 23. Ra2 Qxb1+ 24.
Nxb1 Rd1+ 25. Kg2 Rxb1 26. g4 Bxg4 27. Qxe4 Bf5 28. Qd4 Ra8 29. f3 Bg6 30. a5
Rb5 {[%eval 136,34]}) 12... Qd7 13. Qxd7+ Kxd7 14. Rd1+ Ke8 15. Nc3 a6 16. Na4
Be7 17. Rac1 b5 18. Nb6 Rd8 19. Rxd8+ Bxd8 20. Rc8 f6 21. Ra8 Rg8 22. Rxa6 Bxb6
23. Rxb6 Kf7 24. Kg2 Bg4 25. Rb7+ Kg6 26. f3 exf3+ 27. exf3 Bf5 28. Rxb5 Rc8
29. Rc5 Rxc5 30. Bxc5 Bb1 31. a4 fxe5 32. a5 Kf7 33. a6 Ba2 34. Bd6 Ke8 35. Kh3
g6 36. Kg4 Bc4 37. a7 Bd5 38. Bxe5 {[%eval 271,35]}) 12. Nc3 Bg6 13. Qa4+ Qd7
14. Nb5 {(RafaChess)}) 8. Nc3 {A continuação mais lógica, e também a mais
utilizada na prática. Pode ser que as brancas não obtenham muito da abertura
do ponto de vista teórico, porem o objetivo é colocar o peso da luta no meio
jogo, geralmentedisputado em território menos trilhado que no caso de outras
aberturas.} Be7 9. Qb3 {D11: Slav Defence: 3 Nf3 sidelines and 3...Nf6 4 e3
Bg4.} O-O ({Esta entrega de peão é uma ideia nova para esta posição, onde
a maioria das partidas segue com o lógico} 9... Qb6 $11 10. Nxd7 Nxd7 11. e4
dxe4 12. Nxe4 Nf6 {é considerada equilibrada, por exemplo:} 13. Nc5 $5 O-O-O
$5 $36 {a recomendação de Mikhalevski no livro Beating Minor Openings. Com
certeza Supi conhece a linha, pelo que seu lance representa cum forma de criar
uma posição mais complexa, ao custo de correr alguns riscos.}) 10. Bf4 {
Darcy, suspeitando de alguma preparação do seu adversário, ou porque não
gostou do que viu nos seus cálculos, não aceita o desafio, mas o resultado
é uma posição onde as pretas começam a ficar com a melhor parte dos
acontecimentos. Para bem ou para o mal, se devia considerar a captura do peão:
} (10. Qxb7 $14 Nxe5 11. dxe5 Nd7 12. Qxc6 (12. cxd5 cxd5 $44 {é uma opção,
mas aqui a compensação preta chega mais rápido.}) 12... Rc8 13. Qa6 Rxc4 {
Agora o branco dispõe do crítico} 14. e4 Nc5 15. Qxa7 Nxe4 16. Nxe4 Bxe4 17.
Bxe4 Bc5 18. Bxh7+ Kxh7 19. Qa6 Bd4 {oferece compensação quase plena às
pretas pelos peões, porém dificilmente seja suficiente para lutar por
vitória.}) 10... Nxe5 $11 11. Bxe5 {Black is slightly better.} Qb6 {[#] Por
transposição, se chega agora a uma posição que foi experimentada algumas
vezes na prática.} 12. Rac1 (12. Qxb6 axb6 13. cxd5 exd5 $17 {A ideia das
pretas é dobrar as torres na coluna "A" pressionando o peão de a2 e caso as
brancas joguem a3, b5 e b4 chegam a galope. (RafaChess)}) 12... Nd7 $1 $146 {
Lance espetacular! ameaça capturar o bispo em e5, mas na verdade a ameaça
maior é ganhar o peão de b2 sem perder o peão de b7. (RafaChess) A segunda
novidade da partida, uma melhora sobre a anteriormente jogada} ({Predecessor:} 
12... Qxb3 13. axb3 Rfd8 14. Rfd1 Rac8 15. Bf4 h6 16. h3 Bb4 17. g4 Bg6 18. Be5
Ne8 {1-0 (56) Lie,E (2464)-Thomassen,J (2364) Fredrikstad 2010 - É provável
que as pretas não devam trocar em b3, para não fortalecer a estrutura branca
no centro e na ala da dama.}) (12... dxc4 13. Qxc4 Qxb2 14. e4 Bg6 15. Rb1 {
com vantagem (RafaChess)}) 13. Bf4 dxc4 ({Not} 13... Qxd4 14. Qxb7 Rad8 15. Bc7
$16 (15. Qxc6 Nb6 $18) (15. cxd5 cxd5 16. e4 Bg6 $16)) 14. Qxc4 Qxb2 15. e4 {
[#] .} ({Muito lógico. Cortando a comunicação do bispo com a casa b1, onde
as brancas planejamlevar sua torre. No entanto, a mais complexa} 15. Na4 {
poderia ser mais adequada, eliminando o recurso utilizado pelas pretas na
partida;} Qa3 16. e4 Bg4 17. h3 e5 $5 18. hxg4 exf4 19. gxf4 $44) 15... Nb6 $1
{[%cal Rb6c4] Um lance intermediário necessário para proteger o peão de b7}
16. Qd3 {Natural, porém não é a melhor opção.} ({De forma paradoxal} 16.
Qb3 {forçando a troca de damas teria uma compensação após} Qxb3 17. axb3
Bg6 18. d5 {Mas a ideia de trocar damas com peão a menos não é fácil de
implementar.}) 16... Bg6 $1 $15 17. Rb1 {Muito aparente, porém as ações da
torre acabam levando a dama preta a uma melhor colocação.} (17. a4 $5 $15 {
era preferível} Qb4 18. a5 {merecia atenção} Qxa5 ({As pretasdeveriama char,
no seu lugar, a continuação:} 18... Nd5 19. Nxd5 cxd5 20. Bd2 Qd6 $15) 19.
Bf3) 17... Qa3 $17 18. Rb3 Qa5 $17 {[#] De repente, é difícil justificar o
peão a menos. As pretas começam a pensar na consolidação.} 19. Rfb1 Rad8 {
com ideia de ...e5!} 20. Qe3 $2 {Saindo da cravada, mas permitindo ações
decisivas das pretas.As opções:} (20. Bd2 $17) (20. Ne2) 20... Nc4 $19 21.
Qe1 b5 $19 {Agora os peões da ala da dama das pretas não correm risco, o
cavalo melhorou de posição, as duas torres brancas não têm propósito ns
coluna "B" e o peão d4 é o alvo.} ({Se} 21... Rxd4 22. Rxb7 Bc5 23. Ne2 $17)
22. Rd1 {[#]} e5 $1 {[%mdl 512] Accuracy: White = 38%, Black = 79%.} 0-1

[Event "89_| Campeonato Brasileiro 2023"]
[Site "Recife"]
[Date "2023.12.20"]
[Round "10.3"]
[White "Tomiello, Lucas Costamilan"]
[Black "Fier, Alexandr"]
[Result "1/2-1/2"]
[WhiteElo "2300"]
[BlackElo "2545"]
[PlyCount "116"]
[EventDate "2023.??.??"]
[EventCountry "BRA"]
[WhiteTeam "BRA"]
[BlackTeam "BRA"]
[TimeControl "90+30"]
[WhiteClock "0:03:45"]
[BlackClock "0:23:36"]

{[%evp 14,116,30,26,36,34,35,28,27,32,45,0,0,-47,-25,-55,-55,-131,-121,-109,
-101,-122,-84,-184,-191,-171,-132,-200,-71,-166,-157,-256,-119,-130,-89,-120,
-101,-91,-9,-3,0,-53,-62,-58,-33,-140,-17,-14,-14,-20,-15,-19,-10,-18,-12,-20,
0,0,0,0,0,0,0,0,0,0,0,0,0,0,0,0,0,0,0,0,0,0,0,0,0,-7,0,0,0,0,0,0,0,0,0,0,0,0,0,
0,0,0,0,0,0,0,0,0,0]} 1. e4 {[%emt 0:00:00]} c6 {[%emt 0:00:00]} 2. d4 {
[%emt 0:00:00]} d5 {[%emt 0:00:00]} 3. Nc3 {[%emt 0:00:00]} dxe4 {[%emt 0:00:
00]} 4. Nxe4 {[%emt 0:00:00]} Nf6 {[%emt 0:00:00]} 5. Nxf6+ {[%emt 0:00:00]}
exf6 {[%emt 0:00:00]} 6. c3 {[%emt 0:00:00]} Bd6 {[%emt 0:00:00]} 7. Bd3 {
[%emt 0:00:00]} O-O {[%emt 0:00:00]} 8. Qc2 {[%emt 0:00:00]} Re8+ {[%emt 0:00:
00] B15: Caro-Kann: 3 Nc3:3...g6 and 3...dxe4 4 Nxe4 Nf6 5 Nxf6+ exf6.} 9. Ne2
{[%emt 0:00:00]} h5 {[%emt 0:00:00]} 10. Be3 {[%emt 0:00:00]} Nd7 {[%emt 0:00:
00][%cal Bb8d7,Bd7b6,Bb6d5][%mdl 32] White has an edge.} 11. O-O-O {[%emt 0:00:
00]} b5 {[%emt 0:00:00][%cal Bb7b5,Bb5b4][%mdl 32] [#]} 12. Ng3 {[%eval 0,33] 
[%emt 0:00:00]} (12. d5 $1 $14 {[%eval 45,27][%mdl 512]}) 12... Nb6 $11 {
[%emt 0:00:00]} 13. Kb1 {[%eval -47,31] [%emt 0:00:00]} (13. Nxh5 $11 {[%eval
0,33]} Bg4 14. Ng3) 13... Nd5 $15 {[%emt 0:00:00]} 14. Bc1 {[%emt 0:00:00]} (
14. Nxh5 Bg4 $17) 14... Rb8 {[%emt 0:00:00]} 15. Ne4 $146 {[%eval -131,23] 
[%emt 0:00:00]} (15. Bd2 $15 {[%eval -55,28]}) ({Predecessor:} 15. Rde1 b4 16.
Rxe8+ Qxe8 17. Ne4 Bc7 18. Re1 Qd8 19. Qe2 bxc3 20. Qxh5 cxb2 21. Bd2 g6 22.
Qf3 Ba5 23. Bc2 Bxd2 24. Nxd2 Qa5 25. Re8+ Kg7 26. Nb3 Qa3 {0-1 (26) Toczek,G 
(2296)-Giri,A (2774) Terme Catez 2021}) 15... b4 $1 $17 {[%emt 0:00:00]} 16.
Nxd6 {[%emt 0:00:00]} Qxd6 {[%emt 0:00:00]} 17. Ka1 {[%emt 0:00:00]} Be6 {
[%emt 0:00:00]} 18. h3 {[%eval -184,25] [%emt 0:00:00]} (18. c4 $17 {[%eval
-84,28]} b3 19. Qd2 (19. axb3 $2 Nb4 $19)) 18... bxc3 $19 {[%emt 0:00:00]} 19.
bxc3 {[%emt 0:00:00]} Qc7 {[%emt 0:00:00]} 20. g4 {[%eval -200,23] [%emt 0:00:
00]} (20. Bd2 $17 {[%eval -132,33] might work better.}) 20... h4 {[%eval -71,
27] [%emt 0:00:00]} (20... c5 $1 $19 {[%eval -200,23] is more deadly.} 21. f4
Nxf4 22. Bxf4 Qxf4 {[%mdl 64] Double Attack}) 21. Rhe1 {[%eval -166,29] [%emt
0:00:00]} (21. g5 $17 {[%eval -71,27] was necessary.}) 21... c5 {[%emt 0:00:00]
} 22. Be3 {[%eval -256,27] [%emt 0:00:00]} (22. g5 $17 {[%eval -157,24]}) 22...
cxd4 {[%eval -119,29] [%emt 0:00:00]} (22... Qa5 $19 {[%eval -256,27] and
Black stays clearly on top.} 23. dxc5 Nxe3 24. Rxe3 Qxc5) 23. Bxd4 $17 {
[%emt 0:00:00]} Rec8 {[%eval -89,30] [%emt 0:00:00]} (23... Nf4 $142 {[%eval
-130,26]} 24. Bf1 Red8) 24. Bh7+ {[%emt 0:00:00]} Kh8 {[%emt 0:00:00][%cal
Rd5c3]} 25. Bf5 {[%emt 0:00:00] [#]} Bxf5 {[%eval -9,37] [%emt 0:00:00]} ({
Much worse is} 25... Nxc3 $6 26. Rc1 $11) (25... Nf4 $1 $17 {[%eval -91,26]})
26. gxf5 $11 {[%emt 0:00:00]} Qa5 {[%emt 0:00:00]} 27. Rb1 {[%eval -53,29] 
[%emt 0:00:00]} (27. Re4 $11 {[%eval 0,43]} Rc6 28. Rg1 (28. Rxh4+ Kg8 $15)
28... Nxc3 29. Bxc3 Rxc3 {[%mdl 64] Double Attack} 30. Qd2) 27... Rxb1+ $15 {
[%emt 0:00:00]} 28. Rxb1 {[%emt 0:00:00]} Ne7 {[%emt 0:00:00]} 29. Qd3 {
[%eval -140,29] [%emt 0:00:00]} (29. Qe2 $1 $15 {[%eval -33,31]} Nxf5 {[#]} 30.
Bxf6 $1 {[%mdl 512]} (30. Qh5+ Kg8 $17)) 29... Qxf5 {[%eval -17,31] [%emt 0:00:
00]} ({Black should try} 29... Kg8 $17 {[%eval -140,29]} 30. Rb7 Qxf5 31. Qxf5
Nxf5) 30. Qxf5 $11 {[%emt 0:00:00] The position is equal.} Nxf5 {[%emt 0:00:00]
} 31. Bxa7 {[%emt 0:00:00]} Rxc3 $17 {[%emt 0:00:00][%mdl 4096] Endgame KRB-KRN
} 32. Rb3 {[%emt 0:00:00]} Rc4 {[%emt 0:00:00]} 33. Kb2 {[%emt 0:00:00]} Kh7 {
[%emt 0:00:00]} 34. Rc3 {[%emt 0:00:36]} Ra4 {[%emt 0:00:00]} 35. Bc5 {[%emt 0:
00:37]} g5 {[%emt 0:00:00]} 36. Kb3 {[%emt 0:00:21]} Ra8 {[%emt 0:00:00]} 37.
a4 {[%emt 0:00:23][%cal Ba2a4,Ba4a5,Ba5a6,Ba6a7][%mdl 32]} Ng7 {[%emt 0:00:00]}
38. Bb6 {[%emt 0:01:50]} Ne6 {[%emt 0:00:00]} 39. a5 {[%emt 0:01:55]} f5 {
[%emt 0:00:00]} 40. Kb4 {[%emt 0:02:47]} Kg6 {[%emt 0:00:00]} 41. Kb5 {[%emt 0:
00:38]} g4 {[%emt 0:00:00]} 42. a6 {[%emt 0:00:27]} Ng5 {[%emt 0:00:00]} 43.
hxg4 {[%emt 0:02:33]} fxg4 {[%emt 0:00:00]} 44. a7 {[%emt 0:00:56]} Ne4 {
[%emt 0:00:00]} 45. Rc6+ {[%emt 0:01:02]} f6 {[%emt 0:00:00]} 46. Ka6 {[%emt 0:
02:27]} h3 {[%emt 0:00:00]} 47. Rc1 {[%emt 0:01:23]} Kg5 {[%emt 0:00:00]} 48.
Kb7 {[%emt 0:01:21]} Rxa7+ {[%emt 0:00:00]} 49. Bxa7 {[%emt 0:00:29]} Kf4 {
[%emt 0:00:00]} 50. Kc6 {[%emt 0:01:28]} Kf3 {[%emt 0:00:00]} 51. Kd5 {[%emt 0:
01:26]} Nxf2 {[%emt 0:00:00]} 52. Bb8 {[%emt 0:00:59]} f5 {[%emt 0:02:42]} 53.
Ke6 {[%emt 0:01:16]} Kg2 {[%emt 0:03:49]} 54. Kxf5 {[%emt 0:00:21]} h2 {
[%emt 0:00:04]} 55. Bxh2 {[%emt 0:00:26]} Kxh2 {[%emt 0:00:03]} 56. Rc8 {
[%emt 0:00:49]} g3 {[%emt 0:00:10]} 57. Rg8 {[%emt 0:00:09]} g2 {[%emt 0:00:04]
} 58. Rxg2+ {[%emt 0:00:06]} Kxg2 {[%emt 0:00:02] Accuracy: White = 73%, Black
= 74%.} 1/2-1/2

[Event "89_| Campeonato Brasileiro 2023"]
[Site "Recife"]
[Date "2023.12.20"]
[Round "10.4"]
[White "Mekhitarian, Krikor Sevag"]
[Black "Lima, Stefan Moisei VIeir"]
[Result "1-0"]
[WhiteElo "2559"]
[BlackElo "2155"]
[PlyCount "121"]
[EventDate "2023.??.??"]
[EventCountry "BRA"]
[WhiteTeam "BRA"]
[BlackTeam "BRA"]
[TimeControl "90+30"]
[WhiteClock "0:03:49"]
[BlackClock "0:01:42"]

{[%evp 9,121,30,43,36,84,66,80,47,54,-6,-3,-9,6,-12,-10,-51,21,22,34,21,46,51,
44,8,7,10,9,30,56,52,146,156,139,153,141,132,182,166,159,135,135,119,127,115,
134,138,146,143,144,142,144,124,172,146,139,112,157,161,189,174,181,164,256,
232,221,42,182,42,42,42,42,42,43,14,44,47,33,24,76,76,76,76,633,632,583,427,
792,710,724,721,722,716,710,700,687,632,640,577,853,845,3368,3370,3352,3232,
1097,789,29977,29980,29978,29979,29979,29980,29987,29988]} 1. Nf3 {[%emt 0:00:
00]} Nf6 {[%emt 0:00:00]} 2. c4 {[%emt 0:00:00]} g6 {[%emt 0:00:00]} 3. Nc3 {
[%emt 0:00:00]} d5 {[%emt 0:00:00]} 4. cxd5 {[%emt 0:00:00]} Nxd5 {[%emt 0:00:
00]} 5. h4 {[%emt 0:00:00]} Bg7 {[%emt 0:00:00]} 6. h5 {[%emt 0:00:00] A16:
English Opening: 1...Nf6 with ...d5.} O-O {[%eval 84,25] [%emt 0:00:00]} (6...
Nc6 $14 {[%eval 36,26]}) 7. hxg6 {[%emt 0:00:00]} hxg6 {[%emt 0:00:00]} 8. Qb3
{[%emt 0:00:00] White is better.} Nb6 {[%emt 0:00:00]} 9. g3 $146 {[%eval -6,
28] [%emt 0:00:00]} ({Better is} 9. d4 $14 {[%eval 54,22]}) ({Predecessor:} 9.
d4 Nc6 10. d5 Na5 11. Qb5 Nac4 12. e4 c6 13. Qc5 cxd5 14. exd5 Bf5 15. Qb4 {
0-1 (22) Glavina,P (2411)-Shahade,G (2476) Chess.com INT 2021}) 9... c5 $11 {
[%emt 0:00:00]} 10. d3 {[%emt 0:00:00]} Nc6 {[%emt 0:00:00]} 11. Bg2 {[%emt 0:
00:00]} Bg4 {[%emt 0:00:00]} 12. Be3 {[%eval -51,32] [%emt 0:00:00]} (12. Qd1
$11 {[%eval -10,33]}) 12... Bxf3 {[%eval 21,27] [%emt 0:00:00]} (12... Nd4 $1
$15 {[%eval -51,32]} 13. Bxd4 cxd4) 13. Bxf3 {[%emt 0:00:00]} Nd4 {[%emt 0:00:
00]} 14. Bxd4 $1 {[%emt 0:00:00]} Qxd4 {[%emt 0:00:00]} 15. Rh4 {[%emt 0:00:00]
} Qe5 {[%emt 0:00:00]} 16. a4 {[%emt 0:00:00][%cal Ba2a4,Ba4a5][%mdl 32]} Rab8
{[%emt 0:00:00]} 17. Re4 {[%emt 0:00:00]} Qg5 {[%emt 0:00:00]} 18. Rg4 $36 {
[%emt 0:00:00][%mdl 2048] White fights for an advantage.} Qe5 {[%emt 0:00:00]}
19. a5 {[%emt 0:00:00]} c4 {[%eval 146,29] [%emt 0:00:00]} (19... Nd7 $1 $14 {
[%eval 52,32]}) 20. Qb4 $16 {[%emt 0:00:00]} ({But not} 20. dxc4 $6 Nd7 $14)
20... Nc8 {[%emt 0:00:00]} 21. Rxc4 {[%emt 0:00:00]} Nd6 {[%emt 0:00:00]} 22.
Rc5 {[%emt 0:00:00]} Qd4 {[%eval 182,27] [%emt 0:00:00]} (22... Qe6 $16 {
[%eval 132,30]}) 23. Qxd4 {[%emt 0:00:00]} Bxd4 {[%emt 0:00:00]} 24. Rc7 {
[%emt 0:00:00]} Rfc8 {[%emt 0:00:00]} 25. Rxc8+ {[%emt 0:00:00]} Rxc8 {[%emt 0:
00:00]} 26. Ra3 {[%emt 0:00:00]} e6 {[%emt 0:00:00]} 27. e3 {[%emt 0:00:00]}
Bf6 {[%emt 0:00:00]} 28. Kd2 {[%emt 0:00:00]} Kf8 {[%emt 0:00:00]} 29. a6 {
[%emt 0:00:00]} b6 {[%emt 0:00:00]} 30. Ra4 {[%emt 0:00:45]} Bd8 {[%eval 172,
26] [%emt 0:00:00]} (30... Bxc3+ $16 {[%eval 124,32]} 31. bxc3 Rc5) 31. Rd4 {
[%emt 0:03:50]} Be7 {[%emt 0:00:00]} 32. Bg2 {[%emt 0:01:12]} Rc5 {[%eval 157,
25] [%emt 0:00:00]} (32... b5 $142 {[%eval 112,30]}) 33. Ra4 {[%emt 0:00:26]}
Nb5 {[%emt 0:00:00]} 34. d4 {[%emt 0:03:03]} Nxc3 {[%emt 0:00:00]} 35. bxc3 $18
{[%emt 0:00:05][%mdl 4096] Endgame KRB-KRB} Rc7 {[%eval 256,34] [%emt 0:00:04]}
(35... Rf5 {[%eval 164,35] keeps fighting.}) 36. Kd3 {[%emt 0:00:46]} Bd6 {
[%emt 0:01:42]} 37. Rc4 $2 {[%eval 42,54] [%emt 0:03:55]} (37. Ra1 $18 {
[%eval 221,27]}) 37... Ke7 {[%eval 182,30] [%emt 0:02:23] [#]} (37... Rxc4 $14
{[%eval 42,54]} 38. Kxc4 Ke7) 38. Rxc7+ {[%eval 42,55] [%emt 0:00:04]} ({
White has to play} 38. Ra4 $1 $18 {[%eval 182,30]}) 38... Bxc7 {[%emt 0:00:04]
KB-KB} 39. Kc4 {[%emt 0:00:04]} Kd6 {[%emt 0:02:12]} 40. Kb5 {[%emt 0:00:32]}
Bd8 {[%emt 0:01:05]} 41. e4 {[%emt 0:04:57]} g5 {[%emt 0:02:39]} 42. e5+ {
[%emt 0:00:06]} Kd7 {[%emt 0:00:48]} 43. Bh3 {[%emt 0:01:44]} f6 {[%eval 76,42]
[%emt 0:03:43] [#]} (43... Be7 $11 {[%eval 24,47] keeps the balance.}) 44. f4
$1 $16 {[%emt 0:00:31]} gxf4 {[%emt 0:03:24]} 45. gxf4 {[%emt 0:00:02] Hoping
for d5.} fxe5 $2 {[%eval 633,39] [%emt 0:01:53][%mdl 8192]} (45... f5 $16 {
[%eval 76,60]}) 46. fxe5 $18 {[%emt 0:00:05]} Bg5 {[%emt 0:01:25]} 47. Kc4 {
[%emt 0:02:14]} Bf4 {[%eval 792,33] [%emt 0:00:32]} (47... Ke7 $142 {[%eval
427,31]} 48. Kd3 b5) 48. Bg4 {[%emt 0:00:21]} Bg3 {[%emt 0:00:39]} 49. Bd1 {
[%emt 0:00:10]} Be1 {[%emt 0:01:26]} 50. Ba4+ {[%emt 0:00:02]} Ke7 {[%emt 0:01:
03]} 51. Kd3 {[%emt 0:00:13]} Bf2 {[%emt 0:00:21]} 52. Ke4 {[%emt 0:00:13]} Be1
{[%emt 0:00:37]} 53. c4 {[%emt 0:00:04][%cal Bc3c4,Bc4d5,Bd5d6][%mdl 32]} Bc3 {
[%emt 0:00:41]} 54. d5 {[%emt 0:00:11]} exd5+ {[%emt 0:00:22]} 55. cxd5 {
[%emt 0:00:04]} Bb4 {[%emt 0:01:16]} 56. Bb5 {[%emt 0:00:36]} Ba3 {[%emt 0:00:
11]} 57. Kd3 {[%emt 0:00:44]} Bb2 {[%emt 0:00:16]} 58. d6+ {[%emt 0:00:42]
White mates.} Ke6 {[%emt 0:00:35]} 59. Bc4+ {[%emt 0:00:04]} Kd7 {[%emt 0:00:
08]} 60. Ke4 {[%emt 0:00:09]} Kc6 {[%emt 0:00:19] [#]} 61. Bb5+ $1 {[%emt 0:00:
17][%mdl 576] Promotion. Accuracy: White = 75%, Black = 49%.} 1-0